000 00747nam a2200217Ia 4500
003 GCL
008 140319s9999 xx 000 0 ara d
040 _aGCL /
_cGCL
082 0 4 _a961
_bج ت
245 1 0 _aتاريخ المغرب وحضارته من قبيل الفتح العربى الى بداية الاحتلال الفرنسى للجزائر
260 _a[S.N] :
_bالعصر الحديث للنشر والتوزيع ،
_c1992
300 _a767 ص
490 _a
650 0 4 _aتاريخ
650 0 4 _aالدولة الفاطمية
650 0 4 _aالتاريخ الاسلامى
650 0 4 _aالمغرب العربى
650 0 4 _aفتح شمال افريقيا
650 0 4 _aالحضارة المغربية
942 _2ddc
_cBK
999 _c35167
_d35167